Differential Reynolds Stress Modeling for Separating Flows in Industrial Aerodynamics

This book presents recent progress in the application of RANS turbulence models based on the Reynolds stress transport equations. A variety of models has been implemented by different groups into different flow solvers and applied to external as well as to turbomachinery flows. Comparisons between t...

Full description

Bibliographic Details
Corporate Author: SpringerLink (Online service)
Other Authors: Eisfeld, Bernhard (Editor)
Format: Electronic eBook
Language:English
Published: Cham : Springer International Publishing : Imprint: Springer, 2015.
Series:Springer Tracts in Mechanical Engineering,
Subjects:
Online Access:Full Text via HEAL-Link
LEADER 02628nam a22004815i 4500
001 978-3-319-15639-2
003 DE-He213
005 20151030191435.0
007 cr nn 008mamaa
008 150324s2015 gw | s |||| 0|eng d
020 |a 9783319156392  |9 978-3-319-15639-2 
024 7 |a 10.1007/978-3-319-15639-2  |2 doi 
040 |d GrThAP 
050 4 |a TA357-359 
072 7 |a TGMF  |2 bicssc 
072 7 |a TGMF1  |2 bicssc 
072 7 |a TEC009070  |2 bisacsh 
072 7 |a SCI085000  |2 bisacsh 
082 0 4 |a 620.1064  |2 23 
245 1 0 |a Differential Reynolds Stress Modeling for Separating Flows in Industrial Aerodynamics  |h [electronic resource] /  |c edited by Bernhard Eisfeld. 
264 1 |a Cham :  |b Springer International Publishing :  |b Imprint: Springer,  |c 2015. 
300 |a VII, 101 p. 58 illus., 33 illus. in color.  |b online resource. 
336 |a text  |b txt  |2 rdacontent 
337 |a computer  |b c  |2 rdamedia 
338 |a online resource  |b cr  |2 rdacarrier 
347 |a text file  |b PDF  |2 rda 
490 1 |a Springer Tracts in Mechanical Engineering,  |x 2195-9862 
505 0 |a Application of a low Reynolds differential Reynolds stress model to a compressor cascade tip-leakage flow -- Application of Reynolds stress models to separated aerodynamic flows -- Separated flow prediction around a 6:1 prolate spheroid using Reynolds stress models -- Influence of pressure-strain closure of the prediction of separated flows -- Modeling of Reynolds-stress augmentation in shear layers with strongly curved velocity profiles. 
520 |a This book presents recent progress in the application of RANS turbulence models based on the Reynolds stress transport equations. A variety of models has been implemented by different groups into different flow solvers and applied to external as well as to turbomachinery flows. Comparisons between the models allow an assessment of their performance in different flow conditions. The results demonstrate the general applicability of differential Reynolds stress models to separating flows in industrial aerodynamics. 
650 0 |a Engineering. 
650 0 |a Fluids. 
650 0 |a Fluid mechanics. 
650 1 4 |a Engineering. 
650 2 4 |a Engineering Fluid Dynamics. 
650 2 4 |a Fluid- and Aerodynamics. 
700 1 |a Eisfeld, Bernhard.  |e editor. 
710 2 |a SpringerLink (Online service) 
773 0 |t Springer eBooks 
776 0 8 |i Printed edition:  |z 9783319156385 
830 0 |a Springer Tracts in Mechanical Engineering,  |x 2195-9862 
856 4 0 |u http://dx.doi.org/10.1007/978-3-319-15639-2  |z Full Text via HEAL-Link 
912 |a ZDB-2-ENG 
950 |a Engineering (Springer-11647)